Statistiken für Karte von Kanada Quiz

Klicken Sie hier um das Quiz zu spielen!

Allgemein

  • Dieses Quiz wurde 125 mal gespielt
  • Das Durchschnittsergebnis liegt bei 10 aus 13

Antworten auf der Karte

Die Antworten werden auf der Karte rot bzw. grün angezeigt, abhängig davon wie oft sie richtig erraten wurden.
 

Antwortstatistiken

Antwort% Korrekt
Britisch-Kolumbien
83%
Neufundland und Labrador
83%
Prinz-Eduard-Insel
82%
Neubraunschweig
76%
Nordwest-Territorien
76%
Ontario
76%
Nunavut
74%
Yukon
74%
Québec
73%
Manitoba
71%
Alberta
68%
Neuschottland
64%
Saskatchewan
64%

Verteilung der Resultate

Perzentil nach korrekt beantworteten Fragen

Anzahl Personen mit jedem Resultat

Ihre Resultats-Entwicklung

Sie haben dieses Quiz noch nicht gespielt